Modern dictionary of electronics

Sparad:
Bibliografiska uppgifter
Huvudupphovsman: Graf, Rudolf F.
Materialtyp: Bok
Språk:Undetermined
Publicerad: New York Howard W. Sams & Co., Inc. 1963
Ämnen:
Taggar: Lägg till en tagg
Inga taggar, Lägg till första taggen!
Thư viện lưu trữ: Trung tâm Học liệu Trường Đại học Cần Thơ
LEADER 00518nam a2200193Ia 4500
001 CTU_82578
008 210402s9999 xx 000 0 und d
082 |a 621.381 
082 |b G736 
100 |a Graf, Rudolf F. 
245 0 |a Modern dictionary of electronics 
245 0 |c Rudolf F. Graf 
260 |a New York 
260 |b Howard W. Sams & Co., Inc. 
260 |c 1963 
650 |a Electronics 
650 |x Dictionaries 
904 |i QHieu(sửa) 
980 |a Trung tâm Học liệu Trường Đại học Cần Thơ